|
|
|
|
| LEADER |
00000nam0a2200000 4500 |
| 001 |
117881 |
| 005 |
20231031123942.0 |
| 010 |
|
|
|a 9850611863
|
| 035 |
|
|
|a (RuTPU)RU\TPU\book\127591
|
| 090 |
|
|
|a 117881
|
| 100 |
|
|
|a 20070606d2006 m y0rusy50 ca
|
| 101 |
0 |
|
|a rus
|
| 102 |
|
|
|a BY
|
| 105 |
|
|
|a a j 001zy
|
| 200 |
1 |
|
|a Индивидуальные задания по высшей математике. Операционное исчисление. Элементы теории устойчивости. Теория вероятностей. Математическая статистика
|e учебное пособие
|f А. П. Рябушко
|
| 210 |
|
|
|a Минск
|c Вышэйшая школа
|d 2006
|
| 215 |
|
|
|a 336 с.
|c ил.
|
| 320 |
|
|
|a Рекомендуемая литература: с. 335.
|
| 330 |
|
|
|a Это четвертая, заключительная, книга комплекса учебных пособий по курсу высшей математики, направленных на развитие и активизацию самостоятельной работы студентов втузов. Содержатся теоретические сведения и наборы задач для аудиторных и индивидуальных заданий. (Первая и вторая книги комплекса вышли в издательстве «Вышэйшая школа» в 2000 г., а третья - в 2004 г.) Для студентов технических специальностей вузов. Будет полезно студентам экономических специальностей вузов, а также преподавателям вузов и техникумов.
|
| 610 |
1 |
|
|a высшая математика
|
| 610 |
1 |
|
|a индивидуальные задания
|
| 610 |
1 |
|
|a задачи
|
| 610 |
1 |
|
|a устойчивость
|
| 610 |
1 |
|
|a операционное исчисление
|
| 610 |
1 |
|
|a теория вероятностей
|
| 610 |
1 |
|
|a математическая статистика
|
| 610 |
1 |
|
|a учебные пособия
|
| 675 |
|
|
|a 517(076)
|v 3
|
| 675 |
|
|
|a 519.2(076)
|v 3
|
| 700 |
|
1 |
|a Рябушко
|b А. П.
|g Антон Петрович
|
| 801 |
|
1 |
|a RU
|b 63413507
|c 20070606
|g PSBO
|
| 801 |
|
2 |
|a RU
|b 63413507
|c 20140424
|g PSBO
|
| 900 |
|
|
|a Высшая математика
|
| 900 |
|
|
|a Математическая статистика
|
| 900 |
|
|
|a Теория вероятностей, математическая статистика и случайные процессы
|
| 900 |
|
|
|a Теория вероятности и математическая статистика
|
| 942 |
|
|
|c BK
|
| 953 |
|
|
|a 550000
|
| 959 |
|
|
|a 47/20070604
|d 1
|e 148,50
|f ЧЗТЛ:1
|